Radar system analysis and modeling / (Record no. 175864)
[ view plain ]
| 000 -LEADER | |
|---|---|
| fixed length control field | 00967 a2200229 4500 |
| 003 - CONTROL NUMBER IDENTIFIER | |
| control field | Nust |
| 005 - DATE AND TIME OF LATEST TRANSACTION | |
| control field | 20170207152512.0 |
| 010 ## - LIBRARY OF CONGRESS CONTROL NUMBER | |
| LC control number | 2004057410 |
| 020 ## - INTERNATIONAL STANDARD BOOK NUMBER | |
| International Standard Book Number | 1580536816 (alk. paper) |
| 040 ## - CATALOGING SOURCE | |
| Transcribing agency | Nust |
| 082 00 - DEWEY DECIMAL CLASSIFICATION NUMBER | |
| Classification number | 621.38485 |
| 100 1# - MAIN ENTRY--PERSONAL NAME | |
| Personal name | Barton, David Knox, |
| 245 10 - TITLE STATEMENT | |
| Title | Radar system analysis and modeling / |
| Statement of responsibility, etc. | David K. Barton. |
| 260 ## - PUBLICATION, DISTRIBUTION, ETC. | |
| Place of publication, distribution, etc. | Boston, MA : |
| Name of publisher, distributor, etc. | Artech House, |
| Date of publication, distribution, etc. | c2004. |
| 300 ## - PHYSICAL DESCRIPTION | |
| Extent | 545 p. : |
| Other physical details | ill. ; |
| Dimensions | 24 cm. + |
| Accompanying material | 1 CD-ROM (4 3/4 in.) |
| 440 #4 - SERIES STATEMENT/ADDED ENTRY--TITLE | |
| Title | The Artech House radar library |
| 505 ## - FORMATTED CONTENTS NOTE | |
| Formatted contents note | The Radar Range Equation (Page-1), The Theory of Targer Detection (Page-39), Targets and Interference (Page-85),Radar Antennas (Page-135), Waveforms and Signal Processing (Page-195),Radar Propagation (Page-267), Radar Surveillance (Page-311), radar Tracking and Measurment (Page-383)The Radar Loss Budget (Page-471),, |
| 538 ## - SYSTEM DETAILS NOTE | |
| System details note | Almirah No.27 Shelf No.2 |
| 650 #0 - SUBJECT ADDED ENTRY--TOPICAL TERM | |
| Topical term or geographic name entry element | Radar |
| General subdivision | Mathematical models. |
| 650 #0 - SUBJECT ADDED ENTRY--TOPICAL TERM | |
| Topical term or geographic name entry element | Radar. |
| 700 1# - ADDED ENTRY--PERSONAL NAME | |
| Personal name | Barton, David Knox, |
| Dates associated with a name | 1927- |
| 942 ## - ADDED ENTRY ELEMENTS (KOHA) | |
| Koha item type | Reference |
| Withdrawn status | Lost status | Source of classification or shelving scheme | Damaged status | Not for loan | Collection code | Permanent Location | Current Location | Date acquired | Total Checkouts | Full call number | Barcode | Date last seen | Price effective from | Koha item type |
|---|---|---|---|---|---|---|---|---|---|---|---|---|---|---|
| Military College of Signals (MCS) | Military College of Signals (MCS) | 12/12/2016 | 621.38485 BAR | MCS31753 | 12/08/2016 | 12/12/2016 | Book |
